000 01916nam a2200277 i 4500
001 181405
003 ES-MaACL
005 20250407063121.0
008 130114s2001 sp | |||| ||spa d
020 _a84-95418-10-X
080 _a821.134.2-32"19"
100 1 _aAub, Max,
_d1903-1972
_923783
245 1 0 _aCiertos cuentos /
_cMax Aub ; edición, introducción y notas: Jesús S. Carrera Lacleta... [et al.] ; presentación José Luis Villacañas.
250 _a[2ª ed.].
260 _aSegorbe, Valencia :
_bFundación Max Aub :
_bDirección General del Libro y Coordinación Bibliotecaria,
_c2001.
300 _a352 p. ;
_c18 cm.
490 1 _aBiblioteca "Max Aub" ;
_v2
500 _aNueva edición en 2001, por Fundación Max Aub y Dirección General del Libro de la Generalitat Valenciana. Presentación de José Luis Villacañas, estudio introductorio y notas del mismo equipo que la anterior, al que se incorporan Jesús S. Carrera Lacleta y Álvaro Romero Marco e ilustraciones de 16 artistas, 353 pp.]. ["El matrimonio" se publicó en Excélsior, 4 marzo 1956, p. 3. "Los pies por delante" publicado en América, 69, marzo 1954, pp. 229-245. "La ingratitud" ha sido incluido en Cien años de cuentos (1898-1998). Antología del cuento español en castellano.
500 _aContiene: "La lancha", "Uba Opa", "La gabardina", "La falla", "La verdadera historia de los peces blancos de Pátzcuaro", "El silencio", "La ingratitud", "La bula", "El árbol", "La espina", "La verruga", "El matrimonio", "La pendiente", "Los pies por delante", "Pequeña historia marroquí", "Confesión de Prometeo N."
700 1 _aCarrera Lacleta, Jesús S.
_9152047
700 1 _aVillacañas Berlanga, José Luis,
_d1955-
_9152048
830 0 _aBiblioteca "Max Aub" ;
_v2
_9191028
852 _aES-MaACL
_jA-12413
_bR.148335
_cDEPO1
_dOlim: N-5418
942 _2udc
_cMONOGRAFIA
999 _c181405
_d181405